=LDR 00000nam 2200000 4500 =001 INLIS000000000002140 =005 20130612090512 =008 ***********************************Ind** =035 ##$$0010-061300000002140 =041 ##$$a Ind =082 ##$$a 728.3 =090 ##$$a 728.3 , Lip b =100 ##$$a Lippsmeir, Georg =245 ##$$a Bangunan tripis , Dr.Ing. Gerg Lippmeier; alih bahasa Ir. Syahmir Nasution =260 ##$$a 1994 $b Jakarta =300 ##$$a 196 hlm , ilus , 32 cm =650 ##$$a Bangunan tropis =700 ##$$a Nasution, Syahmir =850 ##$$a NBPNMAT